| 000 | 00552nam a2200193Ia 4500 | ||
|---|---|---|---|
| 003 | OSt | ||
| 005 | 20200805131510.0 | ||
| 008 | 190216s9999||||xx |||||||||||||| ||und|| | ||
| 020 | _a9788122435023 | ||
| 040 | _coclc | ||
| 082 |
_a515.42 _bBAR/M |
||
| 100 |
_aBarra, G De _93985 |
||
| 245 | 0 |
_aMeasure Theory And Integration / _cG De Barra |
|
| 250 | _a2nd Ed. | ||
| 260 |
_bNew Age International Publishers, _c2015. _aNew Delhi: |
||
| 300 | _a234p | ||
| 650 | _aMathematics | ||
| 942 |
_cBK _2ddc _h515.42 _iBAR/M _k515.42 _mBAR/M |
||
| 999 |
_c32464 _d32464 |
||